[Event "Baden-ch 94th"]
[Site "Forst"]
[Date "2022.10.03"]
[Round "6"]
[White "Dauner, Julian"]
[Black "Zimmer, Rolf"]
[Result "1-0"]
[WhiteElo "2055"]
[BlackElo "2055"]
[PlyCount "85"]
[EventDate "2022.09.30"]
[EventType "swiss"]
[EventRounds "7"]
[EventCountry "GER"]
[SourceTitle "CBM 210 Extra"]
[Source "ChessBase"]
[SourceDate "2022.11.30"]
[SourceVersion "1"]
[SourceVersionDate "2022.11.30"]
[SourceQuality "1"]

1. d4 c5 2. d5 Nf6 3. Nc3 e5 4. e4 d6 5. Nf3 Nbd7 6. g3 Be7 7. Bg2 Nf8 8. 0-0 Ng6 9. Ne1 0-0 10. Nd3 c4 11. Ne1 Bd7 12. a4 Ne8 13. Qe2 Rc8 14. Be3 b6 15. Nb5 Bxb5 16. axb5 Qd7 17. b3 cxb3 18. cxb3 Nc7 19. Rxa7 Qxb5 20. Qc4 Qxc4 21. bxc4 Ne8 22. Ra4 Rb8 23. Rb4 Nf6 24. Nd3 Rfc8 25. Rfb1 Nf8 26. Bxb6 N8d7 27. Be3 Rxb4 28. Rxb4 h6 29. Bh3 Rc7 30. f3 Kf8 31. Kf2 Ke8 32. Ke2 Kd8 33. Nc1 Kc8 34. Nb3 Rb7 35. Rxb7 Kxb7 36. Na5+ Kc7 37. Nc6 Bf8 38. Bd2 Kb6 39. Nd8 Nc5 40. Nxf7 Nb3 41. Be3+ Ka5 42. Nd8 Kb4 43. Kd3 1-0

[Event "Baden-ch 94th"]
[Site "Forst"]
[Date "2022.10.03"]
[Round "7"]
[White "Doll, Stefan"]
[Black "Dauner, Julian"]
[Result "1-0"]
[WhiteElo "2126"]
[BlackElo "2055"]
[PlyCount "79"]
[EventDate "2022.09.30"]
[EventType "swiss"]
[EventRounds "7"]
[EventCountry "GER"]
[SourceTitle "CBM 210 Extra"]
[Source "ChessBase"]
[SourceDate "2022.11.30"]
[SourceVersion "1"]
[SourceVersionDate "2022.11.30"]
[SourceQuality "1"]

1. e4 c6 2. d4 d5 3. Nd2 dxe4 4. Nxe4 Nf6 5. Nxf6+ exf6 6. Bc4 Bd6 7. Qe2+ Be7 8. Nf3 0-0 9. 0-0 Bd6 10. Re1 a5 11. c3 Na6 12. a4 Bg4 13. h3 Bh5 14. Qd3 Nc7 15. Nh4 Nd5 16. Qf5 Bg6 17. Nxg6 hxg6 18. Qf3 Qd7 19. Bd2 g5 20. Qg4 Qc7 21. Bxd5 cxd5 22. h4 gxh4 23. Bh6 g5 24. Qf5 Qc6 25. Bxf8 Rxf8 26. Re3 Kg7 27. Rae1 Rh8 28. Qf3 Bf4 29. Re7 Bd6 30. R7e2 Kg6 31. Qd3+ f5 32. Re6+ f6 33. Qb5 Qc7 34. Qxd5 Rd8 35. Qb5 h3 36. Re8 Rd7 37. Rg8+ Kh7 38. Ree8 Bh2+ 39. Kh1 hxg2+ 40. Kxg2 1-0